Logros y desafíos del sistema de seguridad social en Costa Rica /

Salvato in:
Dettagli Bibliografici
Autore principale: Miranda, Guido
Natura: testo
Tags: Aggiungi Tag
Nessun Tag, puoi essere il primo ad aggiungerne!!

MARC

LEADER 00000 a a2200000 04500
001 41355
003
040
100 |a Miranda, Guido  
245 |a Logros y desafíos del sistema de seguridad social en Costa Rica /  |c Guido Miranda  
773 |g páginas 25-36  
999 |c 31324  |d 31324